Statystyki dla 15 krajów o największej liczbie zgonów Covid19 - 22 maja

Kliknij tutaj aby rozwiązać quiz!

Ogólne statystyki

  • Ten quiz został rozwiązany 35 razy
  • Średni wynik to 12 z 21

Statystyki odpowiedzi

kraj% Poprawnych
Chiny
100%
Stany Zjednoczone
94%
Włochy
81%
Hiszpania
77%
Kanada
77%
Niemcy
77%
Brazylia
65%
Francja
65%
Wielka Brytania
65%
Portugalia
58%
Meksyk
55%
Belgia
52%
Holandia
52%
Iran
48%
Turcja
48%
Szwajcaria
42%
Szwecja
42%
Szwecja
42%
Irlandia
39%
Peru
23%
Ekwador
16%

Rozkład punktacji

Percentyl według liczby udzielonych odpowiedzi

Procent ludzi z każdym wynikiem

Twoja historia wyników

Nie rozwiązałeś tego quizu